Carolina - M-Clan - Estadísticas

Estadísticas generales
  • Esta prueba ha sido intentada 192 veces
  • La puntuación promedio es 172 de 192
Estadísticas de respuestas
% Correcto
a
100%
bien
100%
Carolina
100%
Estribillo | Estribillo (x2) Carolina,
100%
me
100%
no
100%
No
100%
trátame
100%
| Verso La
99%
la
99%
mi
99%
99%
mí,
99%
que
99%
al
98%
comer
98%
de
98%
final
98%
o
98%
piel
98%
te
98%
tendré
98%
arranques
96%
el
96%
Pre-estribillo El
96%
rías
96%
dulce
93%
Final Dulce
93%
niña
93%
niña,
93%
para
93%
Pequeña
93%
por
93%
amor
92%
edad
92%
favor
92%
hacer
92%
tiene
92%
vete,
92%
es
91%
lo
90%
en
89%
está
89%
yo
89%
madre
88%
Su
88%
buscando,
86%
eso
86%
estará
86%
creo
85%
dónde
84%
vida
84%
dice
83%
dormir
83%
se
83%
cama,
77%
mucho
77%
casa,
74%
diablo
73%
las
68%
Después
65%
echarla
65%
puedo
65%
farmacia
64%
medicinas
64%
legal
63%
mete
63%
esquina
62%
reina
62%
venden
62%
ruina
60%
va
60%
ciudad
59%
heridas,
59%
pueda
58%
esconder
57%
con
56%
ser
56%
tipo
56%
algún
55%
azúcar
55%
interés
55%
Siempre
54%
tras
54%
queda
53%
aparece
51%
Vinagre
48%
Pre-estribillo Esa
38%
No se encontraron pruebas coincidentes
Distribución de puntuación
Porcentaje de gente con cada puntuación
Porcentaje por número respondido
Historial de tus puntuaciones
No has intentado esta prueba.